000 00535nam a22001937a 4500
003 TZ-ArACH
005 20260413120602.0
020 _a9782748301724
040 _cTZ-ArACH
050 _aHQ1787
_b.K37 2003
100 _aAbbé Omer Katshioko Kapita
245 _aJean-Paul II et la femme Africaine :
_bDignité et gratitude
_cAbb Omer Katshioko Kapita
260 _aParis :
_bPublibook ;
_c2003.
300 _a157 p.
504 _aBibliography
650 _aJohn Paul II
_xPope
650 _aWomen
_xDignity
_zAfrica
942 _2lcc
_cBOOK
999 _c7844
_d7844